Giải pháp đổi mới chương trình giáo dục sư phạm và định hướng đổi mới giáo dục phổ thông /

Salvato in:
Dettagli Bibliografici
Autore principale: Phạm Hồng Quang, PGS.TS.
Natura: Articolo
Lingua:Vietnamese
Soggetti:
Tags: Aggiungi Tag
Nessun Tag, puoi essere il primo ad aggiungerne! !
Thư viện lưu trữ: Thư viện Trường Đại học Đà Lạt
LEADER 00842nam a2200265 4500
001 DLU120140413
005 ##20120831
040 # # |a DLU  |b vie 
041 # # |a vie 
044 # # |a vn 
100 # # |a Phạm Hồng Quang,   |c PGS.TS. 
245 # # |a Giải pháp đổi mới chương trình giáo dục sư phạm và định hướng đổi mới giáo dục phổ thông /  |c Phạm Hồng Quang. 
653 # # |a Khoa học giáo dục 
653 # # |a Kiến thức 
653 # # |a Tiêu chuẩn hóa 
773 # # |t Tạp chí Giáo dục  |g Số 2(255), 2011, tr. 13-16 
920 # # |a Phòng Tạp chí -- Trung tâm Thông tin - Thư viện Trường Đại học Đà Lạt 
994 # # |a DLU 
900 # # |a True 
911 # # |a Nguyễn Thị Linh Chi 
925 # # |a G 
926 # # |a A 
927 # # |a BB 
980 # # |a Thư viện Trường Đại học Đà Lạt